| 000 | 00493 a2200157 4500 | ||
|---|---|---|---|
| 999 |
_c6760 _d6760 |
||
| 020 | _a9781352007633 | ||
| 050 | _aJC330.3HAR2019 | ||
| 100 | _aHart, Paul't | ||
| 245 |
_aUnderstanding public leadership / _cPaul't Hart and Larrs Tummers |
||
| 250 | _a2nd ed. | ||
| 264 |
_aLondon _bMacmillan International _c2019 |
||
| 300 | _a193p. | ||
| 500 | _aInclude index | ||
| 650 | _aPolitical leadership--- Leadership Civic --- leaders Community leadership | ||
| 942 |
_2olc _cBK _e2nd ed. _h330.3 _iHAR _kJC |
||